| 000 | 00398nam a22001697a 4500 | ||
|---|---|---|---|
| 020 | _a81-7862-402-8 | ||
| 082 |
_a001 _bDAT/W |
||
| 100 | _aDATTA,NEETA | ||
| 100 | _aKAPUR,MADHVI | ||
| 100 | _aDASH,SHARMISTHA | ||
| 245 | _aWRITERS AND ENTERTAINERS | ||
| 250 | _aFIRST | ||
| 260 |
_aNEW DELHI _bSTERLING PRESS _c2004 |
||
| 300 | _a48 | ||
| 650 |
_aWRITERS & ENTERTAINERS _zNEW DELHI |
||
| 942 | _cBK | ||
| 999 |
_c6666 _d6666 |
||